000 01501nas a2200277Ia 4500
001 R050-S3703
003 IT-CnALBA
008 170116c99999999xx |||||||||||| ||und||
040 _aIT-CnALBA
_cIT-CnALBA
041 _aITALIANO
100 _aCATTANEO MARIO
210 _aLA FAMIGLIA
222 _aLA FAMIGLIA
245 0 _aLA FAMIGLIA. LUGLIO AGOSTO 1996. PROBLEMI FAMILIARI.
250 _a1a ed.
260 _a BRESCIA
_bLA SCUOLA, SOCIETÀ EDITRICE
_c1996 [1° Ed.:1996 - Ed.Ling.Originale: 1996]
300 _a96 p.
310 _aBIMESTRALE
362 _aFascicolo: 178 / Anno: 30 (1996)
500 _aFAMIGLIA CRONACHE E RELAZIONI PARENTALI. GIOVANI, DIFFICILE CONFRONTO. ISLAM, DIRITTO TRA TRADIZIONI E MODERNITÀ. IL CINEMA. PRANDINI P. PALANTONI A. M. CASTELLANI L. MINISTRO LIVIA TURCO SU UNITÀ. ASTERISCHI. CORSI E CONVEGNI. EVANGELIUM VITAE E DIRITTO. PASTORALE PER COPPIE. CONFESSIONE MISTA. DIRITTA FAMIGLIA MAROCCO ALGERIA TUNISIA.
501 _aSocietà San Paolo EM - Piazza San Paolo, 14 - 12051 ALBA (CN) (non commercial uses only) ® Copyright 2017
520 _aFAMIGLIA CRONACHE E RELAZIONI PARENTALI. GIOVANI, DIFFICILE CONFRONTO. ISLAM, DIRITTO TRA TRADIZIONI E MODERNITÀ. IL CINEMA. PRANDINI P. PALANTONI A. M. CASTELLANI L. MINISTRO LIVIA TURCO SU UNITÀ. ASTERISCHI. CORSI E CONVEGNI. EVANGELIUM VITAE E DIRITTO. PASTORALE PER COPPIE. CONFESSIONE MISTA. DIRITTA FAMIGLIA MAROCCO ALGERIA TUNISIA.
650 _aFAMIGLIA
942 _cCR
957 _71
999 _a65593
_bNO
_g1
_c332289
_d332289